000 00844nam a2200265 a 4500
005 20160414020002.0
008 160109b xxua gr|||| 00| 0 spa d
040 _aCO-BoIAVH
_cCO-BoIAVH
041 _aspa
082 4 _a599.314
_bC33o
090 _aLB
_b05091
100 1 _aCasas Martínez, Patricia Calorina
_948998
245 1 _aOsos de tierra llanera oso palmero Mymecophaga tridactyla
260 _aVillavicencio
_bCORMACARENA
_c2000?
300 _a22 paginas.
_bilustraciones;
_c27 x 20 cm
650 4 _aOso palmero
_948999
650 4 _aProtecion
_949000
650 4 _aConservación
_949001
650 4 _aHabitat
_xOso Palmero
_zLlano
_949002
650 4 _aComportamiento
_xOso Palmero
_zLlano
_949003
650 4 _amammals
_949004
700 1 _aOjedaHolguín, Sol Angela
_949005
942 _cLIBRO
_2ddc
_01
945 _d2007-10-24
999 _c5900
_d5900